000 00767nas a2200253 4500
001 BR9700579
003 BR-BrBNA
005 20231205095954.0
007 ta
008 230509b bl.|||p| |||| 00| 00por d
040 _aBR-BrBNA
_bpor
_cBiblioteca Nacional de Agricultura
041 _a(Pt)
072 _aF04
100 1 _aJacob-Neto, J.
100 1 _aFranco, A.A.
245 1 _aAdubacao de molibdenio em soja (Glycine max (L.)Merr.)
650 _aSoja
650 _aMolibdenio
650 _aAdubacao
650 _aResposta da Planta
773 0 _tInformacoes Agronomicas - Associacao Brasileira para Pesquisa da Potassa e do Fosfato (Brazil)
_x
_g(Sep 1996), no. 75 p. 4-5
_wBR9700579
909 _a202311
_bLúcia
_c55
_dLúcia Elande
942 _2AGRIS
_n0
_cANA
999 _c153742
_d153742